00775nam a2200229Ia 4500952015800000999001500158003000400173005001700177008004100194020001800235020001500253040000900268082001800277100002000295245007100315250001200386260005100398300000900449650002500458700002000483942004200503 00102ddc40708MANAGEMENTaMESbMEScMANAGEMENTd2019-02-20g310.00l1m1o658.15 KHA/Fp34826r2023-01-13 00:00:00s2022-12-23w2019-02-20yBKzGL57R4 c7652d7652OSt20200116102758.0190216s9999||||xx |||||||||||||| ||und|| a9780074636831 a0074636839 coclc a658.15bKHA/F aKhan, M Y91004 0aTheory And Problems In Financial Management /cM Y Khan ; P K Jain a2nd ed. bTata Mcgrawhill Publishers,c2009.aNew Delhi: a520p xFinancial Management 91158aJain, P K cBK2ddch658.15iKHA/Fk658.15mKHA/F